| 000 | 00844nas a2200301 4500 | ||
|---|---|---|---|
| 001 | BR0601309 | ||
| 003 | BR-BrBNA | ||
| 005 | 20231205105915.0 | ||
| 007 | ta | ||
| 008 | 230509b bl.|||p| |||| 00| 00por d | ||
| 040 |
_aBR-BrBNA _bpor _cBiblioteca Nacional de Agricultura |
||
| 041 | _a(Pt) | ||
| 072 | _aH20; E16 | ||
| 100 | 1 | _aFukuda, C. | |
| 245 | 1 | _aPrincipais doenças da mandioca | |
| 650 | _aMANDIOCA | ||
| 650 | _aPODRIDÃO RADICULAR | ||
| 650 | _aBACTERIOSE | ||
| 650 | _aSUPERALONGAMENTO | ||
| 650 | _aSUPERBROTAMENTO | ||
| 650 | _aVIROSE VEGETAL | ||
| 650 | _aMOSAICO | ||
| 650 | _aANTRACNOSE | ||
| 650 | _aDEPRESSÃO ECONÔMICA | ||
| 773 | 0 |
_tRevista Brasileira de Mandioca (Brazil) _xISSN 0101-563X _g(Oct 2005), v. 18(1) p. 57-66 _wBR0601309 |
|
| 909 |
_a202311 _bLúcia _c55 _dLúcia Elande |
||
| 942 |
_2AGRIS _n0 _cANA |
||
| 999 |
_c185298 _d185298 |
||